| 000 | 00551nam a2200181 4500 | ||
|---|---|---|---|
| 082 | 0 | 0 |
_a624.152 _bLAN _cD |
| 100 | 1 |
_aLangefors, U. _926994 |
|
| 245 | 1 | 4 |
_aThe modern technique of rock blasting, _cby U. Langefors and B. Kihlström. |
| 250 | _a[2d ed.] | ||
| 260 |
_aNew York, _bWiley _c[1967, c1963] |
||
| 300 |
_a405 p. _billus., port. _c24 cm. |
||
| 500 | _aOn spine: Rock blasting. | ||
| 526 |
_a0 _b0 _c0 _d624_152000000000000_LAN |
||
| 650 | 0 |
_aBlasting. _926995 |
|
| 650 | 0 |
_aMCE _9379 |
|
| 700 | 1 |
_aKihlström, Björn, _926996 |
|
| 942 |
_2ddc _cBK |
||
| 999 |
_c546465 _d546465 |
||